[Event "Llinars del Valles op-B 12th"]
[Site "Llinars del Valles"]
[Date "2018.04.21"]
[Round "2.27"]
[White "Jimenez Paez, Jaime"]
[Black "Garcia Silvan, Lara"]
[Result "1-0"]
[WhiteElo "1639"]
[BlackElo "1149"]
[PlyCount "117"]
[EventDate "2018.04.14"]
[EventType "swiss"]
[EventRounds "8"]
[EventCountry "ESP"]
[SourceTitle "CBM 184 Extra"]
[Source "ChessBase"]
[SourceDate "2018.06.28"]
[SourceVersion "1"]
[SourceVersionDate "2018.06.28"]
[SourceQuality "1"]

1. d4 Nf6 2. c4 e5 3. dxe5 Ng4 4. Bf4 Bc5 5. e3 Nc6 6. Qxg4 Rg8 7. Qd1 b6 8. a3 Bb7 9. Nf3 f6 10. Bd3 h6 11. Bg6+ Kf8 12. 0-0 fxe5 13. Bg3 Bd6 14. Nc3 Qf6 15. Qd3 e4 16. Bxd6+ cxd6 17. Bxe4 Ne5 18. Nxe5 Bxe4 19. Qxe4 Rd8 20. Ng6+ Kf7 21. Nf4 Qg5 22. Qd5+ Qxd5 23. Ncxd5 g5 24. Nh5 Rdf8 25. f4 gxf4 26. Rxf4+ Ke6 27. Rxf8 Rxf8 28. Nhf4+ Kf5 29. Rf1 Rf7 30. Nh5+ Kg6 31. Rxf7 Kxf7 32. Kf2 Kf8 33. Kf3 Ke8 34. Kf4 Kd8 35. Kf5 Kc8 36. Kg6 Kb7 37. Kxh6 Kc6 38. g4 b5 39. b3 bxc4 40. bxc4 a5 41. g5 a4 42. Nc3 Kc5 43. Nxa4+ Kxc4 44. Nb6+ Kb3 45. Nxd7 d5 46. Nf4 Kxa3 47. Nxd5 Kb3 48. g6 Kc4 49. N7f6 Kd3 50. g7 Ke2 51. g8Q Kf3 52. Qg3+ Ke2 53. e4 Kf1 54. Ng4 Ke2 55. Qe3+ Kd1 56. Nf2+ Kc2 57. Qc3+ Kb1 58. Nd1 Ka2 59. Qb2# 1-0

[Event "Llinars del Valles op-B 12th"]
[Site "Llinars del Valles"]
[Date "2018.04.14"]
[Round "1.5"]
[White "Quiros Garcia, Luis"]
[Black "Jimenez Paez, Jaime"]
[Result "1-0"]
[WhiteElo "1341"]
[BlackElo "1639"]
[PlyCount "91"]
[EventDate "2018.04.14"]
[EventType "swiss"]
[EventRounds "8"]
[EventCountry "ESP"]
[SourceTitle "CBM 184 Extra"]
[Source "ChessBase"]
[SourceDate "2018.06.28"]
[SourceVersion "1"]
[SourceVersionDate "2018.06.28"]
[SourceQuality "1"]

1. e4 c5 2. Nf3 d6 3. d4 cxd4 4. Nxd4 Nf6 5. Nc3 a6 6. Bg5 e6 7. f4 Be7 8. Qf3 Qc7 9. 0-0-0 Nbd7 10. f5 Ne5 11. Qg3 Bd7 12. Be2 b5 13. fxe6 fxe6 14. a3 Rc8 15. h4 0-0 16. Rhf1 Kh8 17. Qh3 Nc4 18. Nxe6 Qa5 19. Bxc4 Rxc4 20. Nd5 Rxe4 21. Bd2 Bxe6 22. Nxe7 Qc7 23. Qd3 Bc4 24. Qxe4 Bxf1 25. Rxf1 Re8 26. Rxf6 gxf6 27. Ng6+ hxg6 28. Qxe8+ Kg7 29. g4 Qc4 30. Qe7+ Kg8 31. c3 Qxg4 32. Bh6 Qg1+ 33. Kc2 Qg2+ 34. Kb3 Qd5+ 35. Kb4 Qf7 36. Qxf7+ Kxf7 37. Ka5 Ke6 38. Kxa6 Ke5 39. Be3 f5 40. Kxb5 f4 41. Bd4+ Ke4 42. a4 Kf3 43. a5 Kg2 44. a6 f3 45. a7 f2 46. Bxf2 1-0

[Event "Llinars del Valles op-B 10th"]
[Site "Llinars del Valles"]
[Date "2016.05.28"]
[Round "8"]
[White "Martin Capitan, Jesus C"]
[Black "Jimenez Paez, Jaime"]
[Result "1-0"]
[WhiteElo "1865"]
[BlackElo "1565"]
[PlyCount "73"]
[EventDate "2016.04.02"]
[EventType "swiss"]
[EventRounds "9"]
[EventCountry "ESP"]
[SourceTitle "CBM 172 Extra"]
[Source "ChessBase"]
[SourceDate "2016.06.21"]
[SourceVersion "1"]
[SourceVersionDate "2016.06.21"]
[SourceQuality "1"]

1. e4 c5 2. d4 cxd4 3. c3 dxc3 4. Nxc3 Nc6 5. Nf3 d6 6. Bc4 e6 7. 0-0 Nf6 8. Qe2 Be7 9. Rd1 e5 10. Be3 a6 11. Rac1 0-0 12. Na4 Nd7 13. Bb3 Rb8 14. a3 Na5 15. Ba2 b5 16. Nc3 Bb7 17. Nd5 Bxd5 18. Bxd5 Nf6 19. Ba2 Ng4 20. Bc5 Nb7 21. h3 Nxc5 22. Rxc5 Qb6 23. Rc2 Nf6 24. Rdc1 Qa7 25. Rc7 Rb7 26. Rc8 Rxc8 27. Rxc8+ Bf8 28. Qc2 Rb8 29. Ng5 Rxc8 30. Qxc8 g6 31. Nxf7 Kg7 32. Ng5 Be7 33. g4 Qd7 34. Ne6+ Kh6 35. g5+ Kh5 36. Qh8 Qe8 37. Ng7+ 1-0

[Event "Llinars del Valles op-B 10th"]
[Site "Llinars del Valles"]
[Date "2016.05.21"]
[Round "7"]
[White "Delgado Prada, Benjamin"]
[Black "Jimenez Paez, Jaime"]
[Result "1/2-1/2"]
[WhiteElo "1746"]
[BlackElo "1565"]
[PlyCount "59"]
[EventDate "2016.04.02"]
[EventType "swiss"]
[EventRounds "9"]
[EventCountry "ESP"]
[SourceTitle "CBM 172 Extra"]
[Source "ChessBase"]
[SourceDate "2016.06.21"]
[SourceVersion "1"]
[SourceVersionDate "2016.06.21"]
[SourceQuality "1"]

1. e4 c5 2. Nf3 d6 3. d4 cxd4 4. Nxd4 Nf6 5. Nc3 a6 6. Be3 Ng4 7. Bg5 h6 8. Bh4 g5 9. Bg3 Bg7 10. Be2 h5 11. h3 h4 12. hxg4 hxg3 13. Rxh8+ Bxh8 14. fxg3 Be5 15. Qd3 Nc6 16. Nxc6 bxc6 17. Qe3 Qa5 18. Kd2 Rb8 19. b3 Rb4 20. Bc4 Qb6 21. Qxb6 Rxb6 22. Rf1 f6 23. Na4 Rb8 24. Rh1 Bxg3 25. Rh8+ Kd7 26. Bxa6 Bf4+ 27. Kc3 Be5+ 28. Kd2 Bf4+ 29. Kc3 Be5+ 30. Kd2 1/2-1/2

[Event "Llinars del Valles op-B 8th"]
[Site "Llinars del Valles"]
[Date "2015.05.02"]
[Round "4"]
[White "Jimenez Paez, Jaime"]
[Black "Codina Broto, Sergi"]
[Result "1-0"]
[WhiteElo "1867"]
[BlackElo "1821"]
[PlyCount "65"]
[EventDate "2015.04.11"]
[EventType "swiss"]
[EventRounds "9"]
[EventCountry "ESP"]
[SourceTitle "EXT 2016"]
[Source "ChessBase"]
[SourceDate "2015.10.08"]
[SourceVersion "1"]
[SourceVersionDate "2015.10.08"]
[SourceQuality "1"]

1. d4 e6 2. c4 d5 3. Nc3 c6 4. e4 Nf6 5. e5 Nfd7 6. Nf3 dxc4 7. Bxc4 Nb6 8. Bd3 Nd5 9. 0-0 Bb4 10. Ne4 0-0 11. a3 Be7 12. Qc2 Nd7 13. Neg5 h6 14. Ne4 f5 15. exf6 N7xf6 16. Re1 Nxe4 17. Bxe4 Qd6 18. Ne5 Nf6 19. Ng6 Rf7 20. Bf4 Qd7 21. Ne5 Qd6 22. Nxf7 Qxf4 23. g3 Qg4 24. Ne5 Qh5 25. Bg6 Qh3 26. Bf7+ Kf8 27. Qg6 Qf5 28. Qxf5 exf5 29. Bb3 Ne4 30. Ng6+ Ke8 31. Nxe7 Nd2 32. Ng6+ Kd8 33. Re3 1-0

[Event "Llinars del Valles op-B 7th"]
[Site "Llinars del Valles"]
[Date "2013.05.18"]
[Round "5"]
[White "Jimenez Paez, Jaime"]
[Black "Granados Aguilera, Cristian"]
[Result "1-0"]
[WhiteElo "1564"]
[BlackElo "1470"]
[PlyCount "117"]
[EventDate "2013.04.13"]
[EventType "swiss"]
[EventRounds "7"]
[EventCountry "ESP"]
[SourceTitle "CBM 154 Extra"]
[Source "ChessBase"]
[SourceDate "2013.06.25"]
[SourceVersion "2"]
[SourceVersionDate "2013.06.25"]
[SourceQuality "1"]

1. d4 Nf6 2. c4 e6 3. Nc3 d5 4. cxd5 exd5 5. Bg5 Be7 6. Qc2 c6 7. e3 h6 8. Bh4 Be6 9. Bd3 Qa5 10. Nge2 Na6 11. 0-0 Nb4 12. Qd2 Nxd3 13. Qxd3 Qc7 14. Bg3 Bd6 15. Bxd6 Qxd6 16. Rac1 Ng4 17. Ng3 h5 18. f4 h4 19. Nf5 Bxf5 20. Qxf5 Nxe3 21. Rce1 Qe7 22. Qd3 Nxf1 23. Rxe7+ Kxe7 24. Kxf1 Rae8 25. Qf5 g6 26. Qg5+ Kd7 27. Qg4+ Kd6 28. Kf2 Re6 29. Qg5 Kd7 30. Qg4 Kd6 31. b4 f5 32. Qf3 b5 33. a4 bxa4 34. b5 Rb8 35. Nxa4 Rxb5 36. Qa3+ Kc7 37. Nc5 Re7 38. Qxa7+ Kd6 39. Qa3 Kc7 40. Na6+ Kd7 41. Nb8+ Ke8 42. Nxc6 Reb7 43. Qa8+ Kd7 44. Ne5+ Kc7 45. Nd3 Rb8 46. Qa1 Kd6 47. Qa3+ Kd7 48. Qa7+ Ke8 49. Qg7 R5b6 50. Qe5+ Kf8 51. Qxd5 R8b7 52. Qd8+ Kg7 53. Qxh4 Re6 54. Qd8 Rbe7 55. Ne5 Rb7 56. d5 Rb2+ 57. Ke3 Reb6 58. Qe7+ Kh8 59. Nf7+ 1-0

[Event "Llinars del Valles op-B 5th"]
[Site "Llinars del Valles"]
[Date "2011.05.21"]
[Round "4"]
[White "Jimenez Paez, Jaime"]
[Black "Pinsach Gelabert, Alexandre"]
[Result "1/2-1/2"]
[WhiteElo "1619"]
[BlackElo "1790"]
[PlyCount "69"]
[EventDate "2011.04.30"]
[EventType "swiss"]
[EventRounds "7"]
[EventCountry "ESP"]
[SourceTitle "EXT 2012"]
[Source "ChessBase"]
[SourceDate "2011.11.24"]
[SourceVersion "1"]
[SourceVersionDate "2011.11.24"]
[SourceQuality "1"]

1. d4 d5 2. c4 e6 3. Nc3 c5 4. cxd5 exd5 5. Nf3 Nc6 6. g3 Nf6 7. Bg2 Be7 8. 0-0 0-0 9. Bg5 cxd4 10. Nxd4 h6 11. Be3 Re8 12. Rc1 Be6 13. Qa4 Qd7 14. Rfd1 Rec8 15. Nb3 Qd8 16. Nc5 Rab8 17. Nxe6 fxe6 18. Bh3 Kf7 19. Bf4 Bd6 20. Nb5 Ne4 21. Nxd6+ Nxd6 22. Qa3 Ke7 23. Qe3 Ne4 24. Bxb8 Rxb8 25. f3 Ng5 26. Bg2 Qb6 27. Qxb6 axb6 28. h4 Nf7 29. e3 Ra8 30. a3 Nd6 31. Rc3 Nc4 32. Rb1 Nd2 33. Rd1 Nc4 34. Rb1 Nd2 35. Rd1 1/2-1/2

[Event "Llinars del Valles op-B 4th"]
[Site "Llinars del Valles"]
[Date "2010.05.15"]
[Round "6"]
[White "Ventura Solans, Victor"]
[Black "Jimenez Paez, Jaime"]
[Result "1-0"]
[WhiteElo "1775"]
[BlackElo "1625"]
[PlyCount "109"]
[EventDate "2010.04.10"]
[EventType "swiss"]
[EventRounds "7"]
[EventCountry "ESP"]
[SourceTitle "EXT 2012"]
[Source "ChessBase"]
[SourceDate "2011.11.24"]
[SourceVersion "1"]
[SourceVersionDate "2011.11.24"]
[SourceQuality "1"]

1. d4 d5 2. c4 c6 3. Nf3 Nf6 4. Nc3 e6 5. Bg5 h6 6. Bh4 dxc4 7. e4 g5 8. Bg3 b5 9. e5 Nh5 10. a4 Nxg3 11. hxg3 b4 12. Ne4 Be7 13. Bxc4 a5 14. Qd2 Ba6 15. Bxa6 Nxa6 16. b3 Qd5 17. Qe3 0-0-0 18. Rd1 g4 19. Ng1 Bg5 20. Qd3 Kb7 21. f3 gxf3 22. Nxf3 Be7 23. Rc1 Rdg8 24. Kf2 Rf8 25. Qc2 f5 26. Ned2 Bg5 27. Qc4 Bxd2 28. Nxd2 f4 29. Qxd5 fxg3+ 30. Kxg3 cxd5 31. Nf3 Rhg8+ 32. Kf2 Rg6 33. Rh4 Nc7 34. Rch1 Rfg8 35. R1h2 Rh8 36. g4 Ne8 37. g5 Ng7 38. Rxh6 Rgxh6 39. Rxh6 Rg8 40. Rf6 Kc7 41. g6 Kb6 42. Ng5 Re8 43. Kf3 Rc8 44. Nxe6 Rc3+ 45. Kg4 Nxe6 46. Rxe6+ Kc7 47. g7 Rc1 48. Re7+ Kc6 49. Kf5 Rg1 50. Ke6 Rg6+ 51. Kf7 Rg1 52. g8Q Rxg8 53. Kxg8 Kb6 54. Rd7 Kc6 55. e6 1-0

[Event "Llinars del Valles op-B 4th"]
[Site "Llinars del Valles"]
[Date "2010.05.01"]
[Round "4"]
[White "Ventura Bolet, Alexandre"]
[Black "Jimenez Paez, Jaime"]
[Result "1/2-1/2"]
[WhiteElo "1724"]
[BlackElo "1625"]
[PlyCount "42"]
[EventDate "2010.04.10"]
[EventType "swiss"]
[EventRounds "7"]
[EventCountry "ESP"]
[SourceTitle "EXT 2012"]
[Source "ChessBase"]
[SourceDate "2011.11.24"]
[SourceVersion "1"]
[SourceVersionDate "2011.11.24"]
[SourceQuality "1"]

1. e4 c5 2. Nf3 d6 3. Bb5+ Nd7 4. e5 a6 5. Bxd7+ Bxd7 6. exd6 exd6 7. 0-0 Nf6 8. Re1+ Be7 9. Qe2 b5 10. h3 Bc6 11. d3 Ra7 12. Nc3 0-0 13. Bf4 Re8 14. Ne4 Nxe4 15. dxe4 Rd7 16. e5 Bxf3 17. Qxf3 dxe5 18. Bxe5 Bd6 19. Bxd6 Rxd6 20. Qf4 Rxe1+ 21. Rxe1 Rd1 1/2-1/2